Statistics for Texting Acronyms

Click here to take the quiz!

General Stats

  • This quiz has been taken 276 times
  • The average score is 15 of 16

Answer Stats

AcronymAnswer% Correct
LOLLaughing Out Loud
100%
BTWBy the Way
99%
IDKI Don't Know
99%
OMGOh My God
99%
DIYDo it Yourself
98%
IDCI Don't Care
98%
ASAPAs Soon As Possible
97%
BRBBe Right Back
97%
FYIFor Your Information
97%
GTGGot To Go
96%
TTYLTalk To You Later
91%
WTHWhat The Hell
90%
AKAAlso Known As
88%
LMAOLaughing My Ass Off
88%
ATMAt The Moment
79%
OTOHOn the Other Hand
36%

Score Distribution

Percentile by Number Answered

Percent of People with Each Score

Your Score History

You have not taken this quiz